Sinopsis de cancerología clínica / (Record no. 108926)

MARC details
000 -LEADER
campo de control de longitud fija 00596nam a2200181 4500
001 - NÚMERO DE CONTROL
campo de control 108926
003 - IDENTIFICADOR DE NÚMERO DE CONTROL
campo de control ES-MaACL
005 - FECHA Y HORA DE LA ÚLTIMA TRANSACCIÓN
campo de control 20230906184736.0
007 - CAMPO FIJO DE DESCRIPCIÓN FÍSICA--INFORMACIÓN GENERAL
campo de control de longitud fija t|
008 - DATOS DE LONGITUD FIJA--INFORMACIÓN GENERAL
campo de control de longitud fija 061121s1973 ag r ||||1| spa d
100 1# - ENTRADA PRINCIPAL--NOMBRE DE PERSONA
Nombre de persona Moore, Condict.
9 (RLIN) 82804
245 10 - MENCIÓN DEL TÍTULO
Título Sinopsis de cancerología clínica /
Mención de responsabilidad, etc. Condict Moore ; [ traducción Alejandro Elola ; supervisión Mario Marino ].
260 ## - PUBLICACIÓN, DISTRIBUCIÓN, ETC.
Lugar de publicación, distribución, etc. Buenos Aires[ etc.] :
Nombre del editor, distribuidor, etc. El Ateneo,
Fecha de publicación, distribución, etc. [1973]
300 ## - DESCRIPCIÓN FÍSICA
Extensión VIII, 306 p. :
Otras características físicas il ;
Dimensiones 23 cm.
700 1# - ENTRADA AGREGADA--NOMBRE PERSONAL
Nombre de persona Elola, Alejandro.
9 (RLIN) 47067
700 0# - ENTRADA AGREGADA--NOMBRE PERSONAL
Nombre de persona Marino, Mario A.
9 (RLIN) 76854
852 ## - LOCALIZACIÓN
Ubicación ES-MaACL
Número de control de estantería E-7651
Sublocalización o colección R.92122
Holdings
Estatus retirado Estado de pérdida Estado de daño No para préstamo Biblioteca de origen Biblioteca actual Ubicación en estantería Fecha de adquisición Fuente de adquisición Total de préstamos Signatura topográfica completa Código de barras Visto por última vez Precio de reemplazo Tipo de ítem Koha
        Biblioteca del Ateneo de Madrid Biblioteca del Ateneo de Madrid Depósito 2 17/01/2008     E-7651 1113658 23/02/2023 23/02/2023 Libro impreso